<?xml version="1.0" encoding="UTF-8"?>
<record
    xmlns:xsi="http://www.w3.org/2001/XMLSchema-instance"
    xsi:schemaLocation="http://www.loc.gov/MARC21/slim http://www.loc.gov/standards/marcxml/schema/MARC21slim.xsd"
    xmlns="http://www.loc.gov/MARC21/slim">

  <leader>02642nam a2200229 a 4500</leader>
  <controlfield tag="005">20180803165359.0</controlfield>
  <controlfield tag="008">140129b2005    ck ||||| |||| 00| 0 spa d</controlfield>
  <datafield tag="041" ind1=" " ind2=" ">
    <subfield code="a">spa</subfield>
  </datafield>
  <datafield tag="044" ind1=" " ind2=" ">
    <subfield code="a">ck</subfield>
  </datafield>
  <datafield tag="090" ind1=" " ind2=" ">
    <subfield code="a">IAVH</subfield>
    <subfield code="b">01042</subfield>
  </datafield>
  <datafield tag="245" ind1=" " ind2=" ">
    <subfield code="a">Evaluaci&#xF3;n acerca del estado del conocimiento de sistemas productivos ecol&#xF3;gicos (org&#xE1;nicos) en la regi&#xF3;n andina y su uso como herramienta de conservaci&#xF3;n de la biodiversidad</subfield>
  </datafield>
  <datafield tag="260" ind1=" " ind2=" ">
    <subfield code="a">Bogot&#xE1;</subfield>
    <subfield code="b">Instituto Alexander von Humboldt</subfield>
    <subfield code="b">CORPOICA</subfield>
    <subfield code="c">2005</subfield>
  </datafield>
  <datafield tag="300" ind1=" " ind2=" ">
    <subfield code="a">2 vols.</subfield>
  </datafield>
  <datafield tag="520" ind1=" " ind2=" ">
    <subfield code="a">Conformado en cinco partes: la primera establece el marco general de la investigaci&#xF3;n, enuncia el problema al cual el trabajo responde se&#xF1;alando los principales efectos de la agricultura convencional sobre los ecosistemas, los agroecosistemas y la diversidad biol&#xF3;gica, a nivel general y en el pa&#xED;s; la segunda parte enuncia los resultados de la revisi&#xF3;n de literatura que estiman los efectos o impactos de la agricultura convencional y aquellos efectos e impactos positivos de las pr&#xE1;cticas agroecol&#xF3;gicas  y importancia de la agricultura ecol&#xF3;gica para la conservaci&#xF3;n de &#xE1;reas protegidas, principalmente en las repercusiones que esta tiene al ser practicada en las zonas de amortiguamiento de las categor&#xED;as de &#xE1;reas protegidas, las principales pol&#xED;ticas p&#xFA;blicas e instrumentos que afectan el desempe&#xF1;o de los sistemas PAE; La tercera parte establece el contexto de la agricultura org&#xE1;nica, regional e internacional, se&#xF1;alando su dimensi&#xF3;n e importancia, la distribuci&#xF3;n entre los pa&#xED;ses y los avances m&#xE1;s destacados en la conversi&#xF3;n hacia la PAE; La cuarta explicita los resultados y an&#xE1;lisis de los casos de sistemas PAE, certificados y no certificados, en cuanto a sus efectos sobre la biodiversidad, con &#xE9;nfasis en las pr&#xE1;cticas agroambientales y en la percepci&#xF3;n  de la diversidad biol&#xF3;gica planificada y asociada; y la quinta parte del documento hace una exploraci&#xF3;n acerca de la oferta y demanda tecnol&#xF3;gica en  los sistemas PAE y las prioridades y requerimientos de los agricultores en especial de tecnolog&#xED;as que permiten realzar, restaurar y mantener la diversidad biol&#xF3;gica, tanto en sus predios, como en las &#xE1;reas adyacentes o contiguas que se relacionan con estos. Finalmente se enuncian algunas conclusiones sustantivas del trabajo y se identifican algunos puntos que son objeto de sugerencias o recomendaciones generales del mismo</subfield>
  </datafield>
  <datafield tag="650" ind1=" " ind2=" ">
    <subfield code="a">Sistemas productivos ecol&#xF3;gicos</subfield>
    <subfield code="9">5812</subfield>
  </datafield>
  <datafield tag="650" ind1=" " ind2=" ">
    <subfield code="a">Org&#xE1;nico</subfield>
    <subfield code="9">5813</subfield>
  </datafield>
  <datafield tag="650" ind1=" " ind2=" ">
    <subfield code="a">Conservaci&#xF3;n</subfield>
    <subfield code="9">92401</subfield>
  </datafield>
  <datafield tag="650" ind1=" " ind2=" ">
    <subfield code="a">Biodiversidad</subfield>
    <subfield code="9">92204</subfield>
  </datafield>
  <datafield tag="650" ind1=" " ind2=" ">
    <subfield code="a">Evaluaci&#xF3;n</subfield>
    <subfield code="9">5531</subfield>
  </datafield>
  <datafield tag="942" ind1=" " ind2=" ">
    <subfield code="c">CD-ROM</subfield>
    <subfield code="2">z</subfield>
  </datafield>
  <datafield tag="945" ind1=" " ind2=" ">
    <subfield code="d">2008-08-29</subfield>
  </datafield>
  <datafield tag="999" ind1=" " ind2=" ">
    <subfield code="c">6500</subfield>
    <subfield code="d">6500</subfield>
  </datafield>
  <datafield tag="952" ind1=" " ind2=" ">
    <subfield code="0">0</subfield>
    <subfield code="1">0</subfield>
    <subfield code="2">z</subfield>
    <subfield code="4">0</subfield>
    <subfield code="7">0</subfield>
    <subfield code="8">HUMBOLDT</subfield>
    <subfield code="I">INV2017</subfield>
    <subfield code="a">Bogota</subfield>
    <subfield code="b">Bogota</subfield>
    <subfield code="d">2008-08-29</subfield>
    <subfield code="l">0</subfield>
    <subfield code="o">IAVH-01042</subfield>
    <subfield code="p">026333</subfield>
    <subfield code="r">2024-08-09 00:00:00</subfield>
    <subfield code="t">V. 1 Ej. 1</subfield>
    <subfield code="w">2012-12-04</subfield>
    <subfield code="x">Dep&#xF3;sito Institucional</subfield>
    <subfield code="y">INFORME</subfield>
  </datafield>
  <datafield tag="952" ind1=" " ind2=" ">
    <subfield code="0">0</subfield>
    <subfield code="1">0</subfield>
    <subfield code="2">z</subfield>
    <subfield code="4">0</subfield>
    <subfield code="7">0</subfield>
    <subfield code="8">HUMBOLDT</subfield>
    <subfield code="I">INV2017</subfield>
    <subfield code="a">Bogota</subfield>
    <subfield code="b">Bogota</subfield>
    <subfield code="d">2008-08-29</subfield>
    <subfield code="l">0</subfield>
    <subfield code="o">IAVH-01042</subfield>
    <subfield code="p">026334</subfield>
    <subfield code="r">2024-08-09 00:00:00</subfield>
    <subfield code="t">V. 2 Ej. 1</subfield>
    <subfield code="w">2012-12-04</subfield>
    <subfield code="x">Dep&#xF3;sito Institucional</subfield>
    <subfield code="y">INFORME</subfield>
  </datafield>
</record>
